000 00517pab a2200181 454500
008 180718b2009 xxu||||| |||| 00| 0 eng d
100 _aMukherjee, Dipa
245 _aRegional disparities in wage employment dynamics: a decade of economics reforms in India
260 _c2009
300 _ap.1-14.
650 _aEconomic reform - India
650 _aRegional disparities - India
650 _aWages - India
650 _aWages
773 _aIndian Journal of Regional Science
908 _aN
909 _a83498
999 _c83498
_d83498